| 000 | 00671nam a22002417a 4500 | ||
|---|---|---|---|
| 999 |
_c307086 _d307086 |
||
| 001 | 20898 | ||
| 003 | UA-OsUOA | ||
| 005 | 20200513180045.0 | ||
| 007 | ta | ||
| 008 | 20031107b un ||||| |||| 00| 0 ukr d | ||
| 040 |
_aUA-OsUOA _bukr _cUA-OsUOA _dUA-OsUOA |
||
| 041 | _aukr | ||
| 044 | _aUA | ||
| 080 | _a94 (477).051.4 | ||
| 090 |
_a94 (477).051.4 _bП19 |
||
| 100 | _aПастернак Є. | ||
| 245 |
_aНарис історії Холмщини і Підляшшя: новіші часи. Волиніяна XVII _nвид. 2 |
||
| 260 |
_aВінніпег _c1989 |
||
| 300 |
_a466 с. _bІлюстрації |
||
| 650 | 7 | _2UDC | |
| 942 |
_cBK _2udc |
||
| 955 | _a0 | ||